header

Risk in the global real estate market (Record no. 234327)

MARC details
000 -LEADER
fixed length control field 02607nam a2200385 a 4500
082 04 - DEWEY DECIMAL CLASSIFICATION NUMBER
Classification number 332.63/244
100 1# - MAIN ENTRY--AUTHOR NAME
Personal name Nwogugu, Michael C. I.
245 10 - TITLE STATEMENT
Title Risk in the global real estate market
260 ## - PUBLICATION, DISTRIBUTION, ETC. (IMPRINT)
Place of publication Hoboken, N.J. :
Name of publisher Wiley,
Year of publication 2011.
300 ## - PHYSICAL DESCRIPTION
Number of Pages xxii, 433 p.
490 1# - SERIES STATEMENT
Series statement Wiley finance
520 ## - SUMMARY, ETC.
Summary, etc "Analysis of the effects of mortgage foreclosure laws on global economicsAmerica's sub-prime mortgage problems have had rippling effects on the economies of countries around the world, highlighting the many problems inherent in the legal infrastructures for both mortgages and the unconstitutional foreclosure process. The Global Mortgage: International Risk Regulation, Mechanism Design, and Constitutional Torts in Foreclosures, Titles Systems, and REITS reveals how these unconstitutional statues and processes affect housing prices, as well as the demand for housing and commercial real estate. Describes significant implications for risk regulation, interstate commerce, and legislation in the United States and some common law countries Addresses foreclosure statues and processes, mortgages and deeds of trust Shows how unconstitutional tax foreclosures and the mortgage foreclosure processes create information asymmetry, increased transaction and compliance costs, negative externalities, and inefficiency The Global Mortgage reveals the many and major problems inherent in the legal infrastructure for mortgages and foreclosure processes"--
650 #0 - SUBJECT ADDED ENTRY--TOPICAL TERM
Topical Term Real estate business.
Topical Term Risk.
Topical Term Mortgages.
Topical Term Foreclosure.
Topical Term Real estate investment trusts.
856 40 - ELECTRONIC LOCATION AND ACCESS
Uniform Resource Identifier http://site.ebrary.com/lib/rucke/Doc?id=10531549
520 ## - SUMMARY, ETC.
-- Provided by publisher.

No items available.

© 2026 Rongo University
Contact us: librarian | system librarian | Rongo university